<?xml version="1.0" encoding="UTF-8"?>
<record
    xmlns:xsi="http://www.w3.org/2001/XMLSchema-instance"
    xsi:schemaLocation="http://www.loc.gov/MARC21/slim http://www.loc.gov/standards/marcxml/schema/MARC21slim.xsd"
    xmlns="http://www.loc.gov/MARC21/slim">

  <leader>00412    a2200121   4500</leader>
  <controlfield tag="001">ART_28310</controlfield>
  <controlfield tag="005">20260410161855.0</controlfield>
  <controlfield tag="008">260409a                                 </controlfield>
  <datafield tag="245" ind1="1" ind2="0">
    <subfield code="a">La gesti&#xF3;n de los conflictos en las organizaciones de salud: hora de innovar</subfield>
  </datafield>
  <datafield tag="100" ind1="1" ind2=" ">
    <subfield code="a">Aizenberg, Marisa S.</subfield>
  </datafield>
  <datafield tag="700" ind1="1" ind2=" ">
    <subfield code="a">D&#xED;az, Ana I.</subfield>
  </datafield>
  <datafield tag="773" ind1="0" ind2=" ">
    <subfield code="t">Derecho privado</subfield>
    <subfield code="g">Derecho a la salud - A&#xF1;o III, N&#xBA; 9 (dic. 2014)</subfield>
    <subfield code="w">REV10455</subfield>
  </datafield>
  <datafield tag="999" ind1=" " ind2=" ">
    <subfield code="c">25344</subfield>
    <subfield code="d">25344</subfield>
  </datafield>
</record>
